000 01389cam a2200397 a 4500
999 _c2591
_d2591
001 16898558
003 GZU
005 20201104090236.0
008 110801s2011 enka b 001 0 eng
010 _a 2011290534
015 _aGBB0A8336
_2bnb
016 7 _a015644950
_2Uk
020 _a9781847426376 (hbk.)
020 _a9781847426369 (pbk.)
020 _a1847426360 (pbk.)
035 _a(OCoLC)ocn663446067
040 _aUKM
_cUKM
_dYDXCP
_dBWX
_dGSU
_dCDX
_dDLC
042 _alccopycat
043 _ae-uk-en
_ae-uk-wl
050 0 0 _aHV9146
_bB35 2011
082 0 4 _a364.360942
_222
100 1 _aBaker, Kerry,
_d1971-
245 1 0 _aAssessment in youth justice /
_cby Kerry Baker, Gill Kerry and Bernadette Wilkinson.
260 _aBristol :
_bPolicy,
_cc2011.
300 _avi, 218 p. :
_bill. ;
_c25 cm.
504 _aIncludes bibliographical references (p. 187-211) and indexes.
650 0 _aJuvenile justice, Administration of
_zEngland.
650 0 _aJuvenile justice, Administration of
_zWales.
650 0 _aProblem youth
_xLife skills assessment
_zEngland.
650 0 _aProblem youth
_xLife skills assessment
_zWales.
700 1 _aKelly, Gill.
700 1 _aWilkinson, Bernadette.
906 _a7
_bcbc
_ccopycat
_d2
_encip
_f20
_gy-gencatlg
942 _2lcc
_cBK
_h9146
_iBAR
_kHV
_m2011